00000000nam 2200000zi 4500
0019.932014
003CaOODSP
00520241122110337
006m     o  d f      
007cr |n|||||||||
008231229e198407##qucdab  ob   f|0| 0 fre d
040 |aCaOODSP|bfre|erda|cCaOODSP
043 |an-cn-qu
0861 |aCW66-1488/1984F-PDF
1001 |aLabonté, Jacques, |eauteur.
24510|aÉtude sur la mise en marché des programmes effectuée pour la Réserve nationale de faune de la Baie de l'Isle-Verte / |cpréparée par Jacques Labonté.
264 1|a[Sainte-Foy, Québec] : |b[Service canadien de la faune], |cjuillet 1984.
300 |a1 ressource en ligne (80 pages) : |bcartes, graphiques, illustrations
336 |atexte|btxt|2rdacontent/fre
337 |ainformatique|bc|2rdamedia/fre
338 |aressource en ligne|bcr|2rdacarrier/fre
500 |aÉdition numérisée de l’imprimé [par Environnement et changement climatique Canada].
504 |aComprend des références bibliographiques.
650 6|aParcs nationaux|zQuébec (Province)|xGestion.
650 0|aNational parks and reserves|zQuébec (Province)|xManagement.
651 6|aRéserve nationale de faune de la Baie de l'Isle-Verte (Québec)
651 0|aBaie de l'Isle-Verte National Wildlife Area (Québec)
7102 |aService canadien de la faune, |eorganisme de publication.
85640|qPDF|s2.20 Mo|uhttps://publications.gc.ca/collections/collection_2024/eccc/cw66/CW66-1488-1984-fra.pdf